000 00464cam a22001097a 4500
008 180718b1988 xxu||||| |||| 00| 0 eng d
082 _aB141x54 In2ag/1984
245 _aAge at marriage differentials in India, 1984
_cby Vital Statistics Division, Office of the Registrar General
260 _aNew Delhi
_bVital Statistics Division, Office of the Registrar General
_c1988
300 _a191p.
700 _aIndia. Office of the Registrar General. Vital Statistics Division
999 _c488163
_d488163